[Event "Torneo Nazionale A"]
[Site "Fiuggi ITA"]
[Date "2000.10.21"]
[Round "4"]
[White "Farina, Saverio"]
[Black "Blonna, Michele"]
[Result "0-1"]
[WhiteElo "2163"]
[BlackElo "1812"]
[PlyCount "112"]
[EventDate "2000.10.20"]

1. d4 Nf6 2. c4 g6 3. Nc3 Bg7 4. e4 d6 5. Nge2 O-O 6. Ng3 Nc6 7. d5 Ne5 8. Be2
c6 9. f4 Ned7 10. Be3 Qa5 11. O-O cxd5 12. cxd5 h5 13. Rb1 a6 14. Bd4 b5 15. b4
Qd8 16. Bf3 Nb6 17. Kh1 Bg4 18. h3 Bxf3 19. Rxf3 Nc4 20. Nf1 Rc8 21. Qd3 Nd7
22. Bxg7 Kxg7 23. Ne3 Qb6 24. Nc2 e5 25. dxe6 fxe6 26. Rbf1 Rce8 27. Rg3 Nb2
28. Qd4+ Qxd4 29. Nxd4 Ne5 30. Rb1 Ned3 31. f5 exf5 32. exf5 Kf6 33. Rxg6+ Ke5
34. Nf3+ Kxf5 35. Rxd6 Rf6 36. Rxf6+ Kxf6 37. Nd5+ Kf5 38. Rf1 Nd1 39. Kg1 N1f2
40. Rxf2 Nxf2 41. Kxf2 Re4 42. g4+ Kg6 43. gxh5+ Kg7 44. Kg3 Re2 45. Nd4 Rxa2
46. Nf5+ Kh8 47. Kf4 a5 48. bxa5 b4 49. Kg5 b3 50. h6 b2 51. Nc3 Rxa5 52. Kf4
Ra1 53. Ke3 Ra3 54. Kd2 Rxc3 55. Kxc3 b1=Q 56. Kd4 56... Kh7 {...} 0-1

[Event "Torneo Nazionale A"]
[Site "Fiuggi ITA"]
[Date "2000.10.21"]
[Round "4"]
[White "Passerotti, Pierluigi"]
[Black "Vigile, Matteo"]
[Result "1-0"]
[WhiteElo "2265"]
[BlackElo "1771"]
[PlyCount "65"]
[EventDate "2000.10.20"]

1. d4 Nf6 2. Nf3 c5 3. d5 b5 4. c4 d6 5. cxb5 a6 6. bxa6 Bxa6 7. Nc3 g6 8. g3
Bg7 9. Bg2 O-O 10. O-O Nbd7 11. Qc2 Ra7 12. Rd1 Qa8 13. h3 Nb6 14. e4 Nfd7 15.
Ne1 Rb8 16. f4 Bd4+ 17. Kh2 Nc4 18. Nf3 Be3 19. b3 Bxc1 20. Qxc1 Na5 21. e5 c4
22. b4 Rxb4 23. exd6 exd6 24. Qa3 Rb6 25. Rab1 Nb7 26. Rxb6 Nxb6 27. Ne4 c3 28.
Nf6+ Kf8 29. Qxc3 Be2 30. Nxh7+ Kg8 31. Nf6+ Kf8 32. Rc1 Rxa2 33. Ng5 1-0

[Event "Torneo Nazionale A"]
[Site "Fiuggi ITA"]
[Date "2000.10.21"]
[Round "4"]
[White "Rigo, Gianfrancesco"]
[Black "Avolio, Giovanni"]
[Result "1-0"]
[WhiteElo "1855"]
[BlackElo "1828"]
[PlyCount "89"]
[EventDate "2000.10.20"]

1. Nf3 c5 2. b3 Nf6 3. Bb2 Nc6 4. e3 d6 5. d4 cxd4 6. exd4 Bg4 7. Be2 e6 8. O-O
Be7 9. c4 d5 10. Nbd2 O-O 11. Ne5 Bxe2 12. Qxe2 Rc8 13. Ndf3 Ne4 14. Nxc6 bxc6
15. Ne5 Bd6 16. f3 Nf6 17. c5 Be7 18. b4 Re8 19. Rfe1 Nd7 20. Nd3 Qc7 21. Bc1
Bf6 22. Ne5 Nxe5 23. dxe5 Be7 24. Bb2 Qb7 25. a3 Rb8 26. Bd4 Qb5 27. Qd2 a5 28.
Reb1 axb4 29. axb4 Ra8 30. Qc3 Reb8 31. Ra3 Rxa3 32. Qxa3 f6 33. Qe3 Kf7 34.
exf6 gxf6 35. f4 Re8 36. Qh3 Bf8 37. Qh5+ Ke7 38. Bxf6+ Kd7 39. Qxh7+ Be7 40.
Ra1 Qb8 41. Be5 Qb7 42. f5 exf5 43. Qxf5+ Kd8 44. Bf6 Rf8 45. Bxe7+ 1-0

[Event "Torneo Nazionale A"]
[Site "Fiuggi ITA"]
[Date "2000.10.21"]
[Round "4"]
[White "Scipioni, Gaetano"]
[Black "Papetti, Francesco"]
[Result "1-0"]
[WhiteElo "1881"]
[BlackElo "1822"]
[PlyCount "59"]
[EventDate "2000.10.20"]

1. d4 d5 2. Nf3 Nf6 3. Bg5 e6 4. e3 Nbd7 5. Bd3 Be7 6. Nbd2 O-O 7. c3 c5 8. Ne5
c4 9. Bc2 Nxe5 10. dxe5 Nd7 11. Bf4 f5 12. h4 Nc5 13. Nf3 Bd7 14. Nd4 b5 15. g4
a5 16. gxf5 exf5 17. Qh5 Qe8 18. Qxe8 Raxe8 19. Rg1 Bxh4 20. Rg2 g6 21. Ke2 Kf7
22. Rh1 Bxf2 23. Rxh7+ Kg8 24. Rgh2 g5 25. Bxg5 Bg3 26. Rh8+ Kg7 27. R2h7+ Kg6
28. Rh6+ Kxg5 29. Nf3+ Kg4 30. Rg6# 1-0

[Event "Torneo Nazionale A"]
[Site "Fiuggi ITA"]
[Date "2000.10.21"]
[Round "4"]
[White "Spano' Cuomo, Gaetano"]
[Black "Massa, Salvenrico"]
[Result "0-1"]
[WhiteElo "2035"]
[BlackElo "1762"]
[PlyCount "68"]
[EventDate "2000.10.20"]

1. d4 Nf6 2. c4 e6 3. Nc3 d5 4. e3 Be7 5. Nf3 O-O 6. Bd3 b6 7. cxd5 exd5 8. O-O
Nbd7 9. b3 Bb7 10. Bb2 Ne4 11. Nd2 Nxd2 12. Qxd2 Nf6 13. Rac1 a6 14. Rfe1 Bb4
15. a3 Bd6 16. g3 Re8 17. Qc2 Qd7 18. Bf5 Qe7 19. Re2 Qf8 20. Nb1 g6 21. Bh3
Qh6 22. Bg2 Re6 23. Bf3 Rae8 24. Kg2 Ne4 25. Rf1 Ng5 26. h4 Nxf3 27. Kxf3 f5
28. Rfe1 Qh5+ 29. Kg2 f4 30. Nd2 Qg4 31. f3 Qxg3+ 32. Kf1 Rxe3 33. Qd1 a5 34.
Rxe3 Rxe3 0-1

[Event "Torneo Nazionale A"]
[Site "Fiuggi ITA"]
[Date "2000.10.22"]
[Round "5"]
[White "Ausmins, Elmar"]
[Black "Passerotti, Pierluigi"]
[Result "1-0"]
[WhiteElo "2324"]
[BlackElo "2265"]
[PlyCount "85"]
[EventDate "2000.10.20"]

1. d4 f5 2. Nf3 Nf6 3. g3 g6 4. Bg2 Bg7 5. O-O O-O 6. d5 c6 7. c4 Ne4 8. Nbd2
Nxd2 9. Qxd2 Na6 10. h4 e5 11. Rb1 Nc5 12. b4 Ne4 13. Qc2 a5 14. a3 axb4 15.
Rxb4 Qc7 16. h5 cxd5 17. hxg6 hxg6 18. Nh4 Ra6 19. Qd3 dxc4 20. Rxc4 Rc6 21.
Qd5+ Kh7 22. Rxc6 bxc6 23. Qa2 d5 24. Bxe4 fxe4 25. Kg2 Qd6 26. a4 Qf6 27. Qd2
d4 28. Qc2 Be6 29. Kg1 Bd5 30. a5 Qd6 31. a6 Ra8 32. Qa4 c5 33. a7 Qe7 34. Qa6
Bf6 35. Bg5 Kg7 36. Rb1 d3 37. Bxf6+ Qxf6 38. Rb6 dxe2 39. Rxf6 e1=Q+ 40. Kh2
Qd2 41. Rxg6+ Kh7 42. Qf6 Rxa7 43. Rg5 1-0

[Event "Torneo Nazionale A"]
[Site "Fiuggi ITA"]
[Date "2000.10.22"]
[Round "5"]
[White "Avolio, Giovanni"]
[Black "Spano' Cuomo, Gaetano"]
[Result "1-0"]
[WhiteElo "1828"]
[BlackElo "2035"]
[PlyCount "77"]
[EventDate "2000.10.20"]

1. c4 e5 2. Nc3 Nf6 3. g3 Be7 4. Bg2 O-O 5. Nf3 d6 6. d4 exd4 7. Nxd4 Nbd7 8.
O-O Rb8 9. e4 Nc5 10. h3 Bd7 11. Qc2 a5 12. Re1 c6 13. Be3 Re8 14. Rad1 Qc7 15.
b3 Rbd8 16. Kh2 Ne6 17. Re2 Nxd4 18. Bxd4 b5 19. cxb5 cxb5 20. Qd3 b4 21. Bxf6
Bxf6 22. Nd5 Qb8 23. Nxf6+ gxf6 24. Qd4 Re6 25. h4 Kg7 26. g4 Bb5 27. Re3 Rde8
28. Kg1 Qc7 29. g5 Qc5 30. Qd2 Rc8 31. Bh3 Qc2 32. Qd4 Rce8 33. Bxe6 Rxe6 34.
Rd2 Qc1+ 35. Kg2 Qf1+ 36. Kh2 Bd7 37. gxf6+ Kf8 38. Rg3 Bc6 39. f3 1-0

[Event "Torneo Nazionale A"]
[Site "Fiuggi ITA"]
[Date "2000.10.22"]
[Round "5"]
[White "Blonna, Michele"]
[Black "Cetkovic, Sergio"]
[Result "1/2-1/2"]
[WhiteElo "1812"]
[BlackElo "2192"]
[PlyCount "65"]
[EventDate "2000.10.20"]

1. e4 c6 2. d4 d5 3. Nd2 dxe4 4. Nxe4 Nf6 5. Nxf6+ exf6 6. Nf3 Bg4 7. Be2 Bd6
8. O-O O-O 9. c4 Nd7 10. Be3 Qc7 11. h3 Bh5 12. Qd2 c5 13. Rfd1 Rad8 14. Rac1
b6 15. Qc2 Rfe8 16. a3 Bf4 17. Bxf4 Qxf4 18. d5 Qd6 19. Re1 Bxf3 20. Bxf3 Re5
21. Qa4 a5 22. Bg4 Nb8 23. f4 Re7 24. Rxe7 Qxe7 25. Kf2 Qe4 26. Re1 Qxf4+ 27.
Kg1 g6 28. Re8+ Rxe8 29. Qxe8+ Kg7 30. Qd8 Qc1+ 31. Kh2 Qf4+ 32. Kg1 Qc1+ 33.
Kh2 1/2-1/2

[Event "Torneo Nazionale A"]
[Site "Fiuggi ITA"]
[Date "2000.10.22"]
[Round "5"]
[White "Chilingirova, Pavlina"]
[Black "Di Lascio, Savino"]
[Result "1-0"]
[WhiteElo "2269"]
[BlackElo "1759"]
[PlyCount "95"]
[EventDate "2000.10.20"]

1. c4 Nf6 2. Nc3 e5 3. d3 Bc5 4. e3 Qe7 5. a3 c6 6. Qc2 O-O 7. Na4 d6 8. b4 Bb6
9. Nxb6 axb6 10. Nf3 h6 11. Be2 Bf5 12. Bb2 Nbd7 13. Qc3 Rfe8 14. O-O Nh7 15.
Rfe1 Ndf6 16. Bf1 Nf8 17. g3 Ne6 18. Nh4 Bh7 19. f4 e4 20. dxe4 Nxe4 21. Qc1 f5
22. Bd3 Nf8 23. Qc2 Nd7 24. Rad1 Ndf6 25. Nf3 c5 26. Nd2 cxb4 27. axb4 d5 28.
cxd5 Rec8 29. Qb3 Kh8 30. Nxe4 fxe4 31. Bb5 Bg8 32. Bxf6 Qxf6 33. Rd4 Rd8 34.
Red1 Rd6 35. Qc2 Qf5 36. Qxe4 Qxe4 37. Rxe4 Rxd5 38. Rxd5 Bxd5 39. Re8+ Rxe8
40. Bxe8 Bc6 41. Bg6 Kg8 42. e4 Kf8 43. Kf2 Ke7 44. Ke3 b5 45. Kd3 Bd7 46. h4
b6 47. Kd4 Bc6 48. g4 1-0

[Event "Torneo Nazionale A"]
[Site "Fiuggi ITA"]
[Date "2000.10.22"]
[Round "5"]
[White "Dell'Accio, Cataldo"]
[Black "Deruda, Leonardo"]
[Result "1-0"]
[WhiteElo "2108"]
[BlackElo "1702"]
[PlyCount "109"]
[EventDate "2000.10.20"]

1. Nf3 g6 2. d4 Bg7 3. e4 d6 4. Be2 Nf6 5. Nbd2 O-O 6. O-O Nc6 7. d5 Nb8 8. Re1
Nbd7 9. Bf1 Ng4 10. h3 Nge5 11. Rb1 c5 12. Nh2 Nb6 13. f4 Ned7 14. Ndf3 Qc7 15.
f5 Ne5 16. Nxe5 Bxe5 17. Ng4 Bg7 18. Qf3 Nd7 19. Bf4 a6 20. Qg3 c4 21. Ne3 b5
22. b3 cxb3 23. cxb3 Bb7 24. h4 Nf6 25. Qf3 Qb6 26. g4 gxf5 27. gxf5 Kh8 28.
Kh2 Nd7 29. Rbc1 Rac8 30. Bg2 Be5 31. Ng4 Qd4 32. Nxe5 Nxe5 33. Bxe5+ Qxe5+ 34.
Qg3 Qb2 35. Rxc8 Rxc8 36. Rg1 Rg8 37. Qe1 Qe5+ 38. Kh3 Rc8 39. Qg3 Qxg3+ 40.
Kxg3 Rc2 41. Bf3 b4 42. Kf4 Rc8 43. e5 f6 44. exf6 exf6 45. Re1 a5 46. Re6 Rd8
47. Rxf6 Kg7 48. Re6 Bc8 49. f6+ Kg6 50. h5+ Kf7 51. Re7+ Kxf6 52. Rxh7 Rd7 53.
Rxd7 Bxd7 54. Be4 Kg7 55. Kg5 1-0

[Event "Torneo Nazionale A"]
[Site "Fiuggi ITA"]
[Date "2000.10.22"]
[Round "5"]
[White "Massa, Salvenrico"]
[Black "Rigo, Gianfrancesco"]
[Result "1-0"]
[WhiteElo "1762"]
[BlackElo "1855"]
[PlyCount "91"]
[EventDate "2000.10.20"]

1. d4 Nf6 2. Nf3 g6 3. h3 Bg7 4. Bf4 d6 5. c3 Nbd7 6. e3 O-O 7. Bc4 e6 8. O-O
b6 9. Nbd2 Bb7 10. Bh2 Qe7 11. Qc2 e5 12. dxe5 Nxe5 13. Nxe5 dxe5 14. e4 Rad8
15. Rad1 Bh6 16. Bd3 Nh5 17. Nf3 Nf4 18. Bxf4 Bxf4 19. Bc4 Kh8 20. Qe2 c6 21.
g3 Bh6 22. Kh2 b5 23. Bb3 Bc8 24. Nh4 f5 25. exf5 Bxf5 26. Nf3 Bg7 27. Nh4 Bc8
28. Bc2 Bf6 29. Nf3 Qe6 30. g4 c5 31. a3 Bb7 32. Be4 Bxe4 33. Qxe4 Qb3 34. Rxd8
Rxd8 35. Nxe5 Kg7 36. Qb7+ Kg8 37. Nc6 Rf8 38. Ne7+ Kh8 39. Nd5 Bh4 40. Kg2 Qc4
41. Re1 Bd8 42. Qc6 Qd3 43. Re3 Qd2 44. Rf3 Rxf3 45. Kxf3 Qd3+ 46. Kg2 {...}
1-0

[Event "Torneo Nazionale A"]
[Site "Fiuggi ITA"]
[Date "2000.10.22"]
[Round "5"]
[White "Santoro, Luca"]
[Black "Scipioni, Gaetano"]
[Result "1/2-1/2"]
[WhiteElo "1747"]
[BlackElo "1881"]
[PlyCount "34"]
[EventDate "2000.10.20"]

1. d4 d6 2. g3 Nf6 3. Bg2 c6 4. Nf3 Nbd7 5. O-O e5 6. dxe5 dxe5 7. b3 Qc7 8.
Bb2 Be7 9. c4 O-O 10. Nc3 Re8 11. Qc2 Bf8 12. Rad1 Nc5 13. b4 Ncd7 14. b5 Nc5
15. Ne1 Bg4 16. Nd3 Bf5 17. Rfe1 Rad8 1/2-1/2

[Event "Torneo Nazionale A"]
[Site "Fiuggi ITA"]
[Date "2000.10.22"]
[Round "5"]
[White "Vigile, Matteo"]
[Black "Farina, Saverio"]
[Result "1/2-1/2"]
[WhiteElo "1771"]
[BlackElo "2163"]
[PlyCount "151"]
[EventDate "2000.10.20"]

1. e4 e6 2. d4 d5 3. exd5 exd5 4. Nc3 c5 5. dxc5 Nf6 6. Nf3 Nc6 7. Be3 Be7 8.
Qd2 O-O 9. Be2 Be6 10. O-O Ng4 11. Bd4 Rc8 12. Rad1 Qc7 13. Nb5 Qb8 14. h3 Nf6
15. Bxf6 Bxf6 16. c3 Ne7 17. b4 b6 18. cxb6 Qxb6 19. Nbd4 Ng6 20. Bd3 Ne5 21.
Nxe5 Bxe5 22. Rfe1 Qc7 23. Qe2 Bh2+ 24. Kh1 Rce8 25. Qf3 Bf4 26. Nb5 Qb8 27.
Nxa7 Qxa7 28. Qxf4 Qxa2 29. Qd4 Qa4 30. b5 Qxd4 31. cxd4 Rb8 32. Rc1 Rb6 33.
Rc6 Rfb8 34. Rec1 g6 35. R1c5 Kf8 36. Rc7 R8b7 37. Rxb7 Rxb7 38. Be2 Ke7 39.
Kh2 Kd6 40. Kg3 Rc7 41. b6 Rb7 42. Rb5 Kc6 43. Kf4 Rxb6 44. Rxb6+ Kxb6 45. Ke5
g5 46. Bg4 Bxg4 47. hxg4 Kc6 48. Kf6 Kb5 49. Ke5 Kc4 50. g3 f6+ 51. Kxf6 Kxd4
52. Kxg5 Ke4 53. f4 d4 54. f5 d3 55. f6 d2 56. f7 d1=Q 57. f8=Q h6+ 58. Qxh6
Qd2+ 59. Kg6 Qd6+ 60. Kh7 Qxg3 61. g5 Qc7+ 62. Qg7 Qh2+ 63. Kg6 Qc2 64. Qf7
Ke5+ 65. Kg7 Qc8 66. g6 Qd8 67. Kh7 Qh4+ 68. Kg8 Qd8+ 69. Kg7 Qg5 70. Qc7+ Ke6
71. Qc8+ Ke7 72. Qf8+ Ke6 73. Qf7+ Ke5 74. Kf8 Qd8+ 75. Qe8+ Qxe8+ 76. Kxe8
1/2-1/2

[Event "Torneo Nazionale A"]
[Site "Fiuggi ITA"]
[Date "2000.10.22"]
[Round "6"]
[White "Ausmins, Elmar"]
[Black "Blonna, Michele"]
[Result "1-0"]
[WhiteElo "2324"]
[BlackElo "1812"]
[PlyCount "65"]
[EventDate "2000.10.20"]

1. d4 Nf6 2. Nf3 g6 3. c4 Bg7 4. Nc3 O-O 5. e4 d6 6. Be2 e5 7. O-O Nc6 8. d5
Ne7 9. b4 Nh5 10. Re1 Nf4 11. Bf1 h6 12. c5 g5 13. Qc2 f5 14. Bxf4 fxe4 15.
Bxe5 exf3 16. Bxg7 Kxg7 17. g3 Bf5 18. Qd1 Bd7 19. cxd6 Ng6 20. Qd4+ Kh7 21.
dxc7 Qxc7 22. d6 Qb6 23. Qxb6 axb6 24. Nd5 Bf5 25. Nxb6 Rad8 26. Rad1 h5 27.
Rd5 h4 28. d7 hxg3 29. hxg3 Kg7 30. a4 Nf4 31. gxf4 gxf4 32. Re8 Kf6 33. Rxf8+
1-0

[Event "Torneo Nazionale A"]
[Site "Fiuggi ITA"]
[Date "2000.10.22"]
[Round "6"]
[White "Cetkovic, Sergio"]
[Black "Farina, Saverio"]
[Result "1-0"]
[WhiteElo "2192"]
[BlackElo "2163"]
[PlyCount "38"]
[EventDate "2000.10.20"]

1. e4 e6 2. d4 d5 3. e5 c5 4. c3 Nc6 5. Nf3 Qb6 6. a3 c4 7. g3 Bd7 8. Bh3 Na5
9. Nbd2 Nb3 10. Nxb3 Ba4 11. Nfd2 Ne7 12. O-O Nc6 13. Qg4 h5 14. Qf4 Bxb3 15.
Nf3 Be7 16. Ng5 Nd8 17. Qe3 h4 18. Bg4 Bc2 19. f4 Bf5 1-0

[Event "Torneo Nazionale A"]
[Site "Fiuggi ITA"]
[Date "2000.10.22"]
[Round "6"]
[White "Chilingirova, Pavlina"]
[Black "Vigile, Matteo"]
[Result "1-0"]
[WhiteElo "2269"]
[BlackElo "1771"]
[PlyCount "68"]
[EventDate "2000.10.20"]

1. c4 e5 2. d3 d6 3. Nc3 f5 4. g3 Nf6 5. Bg2 Be7 6. e3 O-O 7. Nge2 Kh8 8. f4
Nc6 9. O-O Bd7 10. a3 Qe8 11. b4 Nd8 12. Qd2 c6 13. Bb2 Nf7 14. Rad1 Bd8 15.
Kh1 Bc7 16. Ng1 e4 17. dxe4 Nxe4 18. Nxe4 fxe4 19. Qd4 Rg8 20. Bxe4 d5 21. Bg2
dxc4 22. Qxc4 Nd6 23. Qc1 Ne4 24. Nf3 Qh5 25. Kg1 Bh3 26. Bxh3 Qxh3 27. Qc2
Rae8 28. Ne5 Bxe5 29. Bxe5 Nf6 30. Bxf6 gxf6 31. e4 Rg6 32. Qg2 Qh5 33. f5 Rg7
34. Qd2 34... Qf7 {...} 1-0

[Event "Torneo Nazionale A"]
[Site "Fiuggi ITA"]
[Date "2000.10.22"]
[Round "6"]
[White "Dell'Accio, Cataldo"]
[Black "Rigo, Gianfrancesco"]
[Result "1-0"]
[WhiteElo "2108"]
[BlackElo "1855"]
[PlyCount "71"]
[EventDate "2000.10.20"]

1. Nf3 g6 2. d4 Nf6 3. Bf4 Bg7 4. e3 d6 5. h3 O-O 6. Bd3 c5 7. c3 Nc6 8. O-O
Re8 9. Bh2 Qb6 10. Nbd2 d5 11. Qc1 e5 12. Nxe5 cxd4 13. exd4 Bh6 14. Qc2 Be6
15. Nxc6 bxc6 16. Rae1 Rac8 17. b4 a5 18. a3 Nd7 19. Nb3 axb4 20. axb4 f5 21.
Nc5 Nxc5 22. bxc5 Qd8 23. Re2 f4 24. Bxg6 Qg5 25. Bxh7+ Kg7 26. Re5 Qf6 27.
Rfe1 Rc7 28. g4 Rce7 29. h4 Kh8 30. g5 Rg7 31. Kh1 Bxg5 32. hxg5 Rxg5 33. Rxg5
Qxg5 34. Qg6 Qd8 35. Qh6 Qe7 36. Bf5+ 1-0

[Event "Torneo Nazionale A"]
[Site "Fiuggi ITA"]
[Date "2000.10.22"]
[Round "6"]
[White "Di Lascio, Savino"]
[Black "Santoro, Luca"]
[Result "1-0"]
[WhiteElo "1759"]
[BlackElo "1747"]
[PlyCount "176"]
[EventDate "2000.10.20"]

1. Nf3 d5 2. g3 Nf6 3. Bg2 c5 4. O-O Nc6 5. d3 Qc7 6. c3 e5 7. Qc2 Be7 8. e4
dxe4 9. dxe4 O-O 10. Na3 b6 11. Re1 Rd8 12. Bg5 Ne8 13. Rad1 Be6 14. Nb5 Qb7
15. h4 f6 16. Be3 Qa6 17. a4 Rxd1 18. Rxd1 Na5 19. Nd2 Nb3 20. Nxb3 Qxa4 21.
N3d4 Qxc2 22. Nxc2 Bb3 23. Rd2 a6 24. Nba3 b5 25. Na1 Be6 26. f4 exf4 27. gxf4
Rc8 28. e5 Rc7 29. N1c2 fxe5 30. fxe5 Bxh4 31. Bd5 Kf7 32. Be4 Bg3 33. Bxh7
Bxe5 34. Rg2 Nf6 35. Bg6+ Ke7 36. Bg5 Rd7 37. Ne3 Kd6 38. Nac2 Kc7 39. Re2 Bb3
40. Ne1 Kb6 41. Nf5 Bc7 42. Rd2 Rxd2 43. Bxd2 Ne4 44. Be3 Be5 45. Nd3 Bf6 46.
Nxg7 Nxc3 47. Bxc5+ Kc6 48. Be8+ Kc7 49. Nh5 Bh8 50. bxc3 Bxc3 51. Nhf4 Bc4 52.
Bb4 Bxb4 53. Nxb4 a5 54. Nc2 Kd6 55. Kf2 Ke5 56. Ke3 b4 57. Nd4 b3 58. Nc6+ Kf6
59. Kd2 a4 60. Kc1 Kf5 61. Ng2 Ke4 62. Kb2 Bb5 63. Bg6+ Kf3 64. Nd4+ Kxg2 65.
Nxb5 Kf3 66. Nc3 Kf4 67. Nxa4 Kg5 68. Bd3 Kf4 69. Kxb3 Ke5 70. Kc4 Kf4 71. Kd4
Kf3 72. Nc3 Kf4 73. Nd5+ Kg5 74. Ke5 Kh6 75. Kf6 Kh5 76. Ne3 Kh6 77. Ng4+ Kh5
78. Kf5 Kh4 79. Kf4 Kh5 80. Be4 Kh4 81. Bg6 Kh3 82. Ne3 Kh4 83. Ng2+ Kh3 84.
Kf3 Kh2 85. Bf5 Kg1 86. Ne3 Kh1 87. Kg3 Kg1 88. Bh3 Kh1 1-0

[Event "Torneo Nazionale A"]
[Site "Fiuggi ITA"]
[Date "2000.10.22"]
[Round "6"]
[White "Passerotti, Pierluigi"]
[Black "Massa, Salvenrico"]
[Result "1-0"]
[WhiteElo "2265"]
[BlackElo "1762"]
[PlyCount "93"]
[EventDate "2000.10.20"]

1. d4 Nf6 2. Bg5 Ne4 3. Bf4 d5 4. f3 Nd6 5. Nc3 c6 6. e4 e6 7. Nge2 a6 8. e5
Nb5 9. Na4 Nd7 10. b3 Nc7 11. Be3 b5 12. Nb2 c5 13. c3 c4 14. g3 Bb7 15. Bg2
Be7 16. O-O Qc8 17. Qd2 O-O 18. f4 f5 19. h3 Rb8 20. Nd1 a5 21. Bf2 b4 22. Rc1
Nb6 23. Ne3 Nb5 24. Be1 bxc3 25. Nxc3 Bb4 26. Qd1 Nxc3 27. Bxc3 Qd7 28. Bxb4
axb4 29. bxc4 dxc4 30. Bxb7 Qxb7 31. Nxc4 Nxc4 32. Rxc4 b3 33. Qxb3 Qxb3 34.
axb3 Rxb3 35. Kg2 Ra8 36. g4 Raa3 37. gxf5 Rg3+ 38. Kf2 exf5 39. Rc7 Rgf3+ 40.
Ke2 Rae3+ 41. Kd2 Rd3+ 42. Kc2 Rxh3 43. e6 g5 44. Rb1 Rc3+ 45. Rxc3 Rxc3+ 46.
Kxc3 g4 47. d5 1-0

[Event "Torneo Nazionale A"]
[Site "Fiuggi ITA"]
[Date "2000.10.22"]
[Round "6"]
[White "Scipioni, Gaetano"]
[Black "Avolio, Giovanni"]
[Result "1-0"]
[WhiteElo "1881"]
[BlackElo "1828"]
[PlyCount "126"]
[EventDate "2000.10.20"]

1. d4 Nf6 2. Nf3 g6 3. Bg5 Bg7 4. e3 d6 5. Nbd2 O-O 6. h3 Nbd7 7. Be2 c5 8. c3
b6 9. O-O Bb7 10. Qb3 Qc7 11. Bf4 Rac8 12. Bh2 Ne4 13. Nxe4 Bxe4 14. Nd2 Bb7
15. d5 Ne5 16. f4 c4 17. Qc2 Nd7 18. Bxc4 b5 19. Bxb5 Bxd5 20. Ba6 Rb8 21. Qd3
Ba8 22. Nb3 Qc6 23. Qe2 Rb6 24. Bd3 Rfb8 25. Rfb1 Nc5 26. Nxc5 Qxc5 27. Kh1 Qc7
28. e4 Qb7 29. Bg1 Rxb2 30. Rxb2 Qxb2 31. Rb1 Qxb1 32. Bxb1 Rxb1 33. Kh2 Bxc3
34. Qc2 Bxe4 35. Qxe4 Re1 36. Qd3 Bf6 37. Bd4 e5 38. fxe5 dxe5 39. Bc3 e4 40.
Qd2 Bxc3 41. Qxc3 Re2 42. a4 e3 43. a5 h5 44. h4 Ra2 45. Qxe3 Rxa5 46. Qc3 Ra4
47. Kg3 Rg4+ 48. Kh3 a6 49. Qc8+ Kg7 50. Qxa6 Kh7 51. Qb7 Kg7 52. Qc8 f5 53.
Qe6 Kf8 54. g3 Kg7 55. Kg2 Kf8 56. Kf3 Kg7 57. Qe7+ Kg8 58. Qf6 Kh7 59. Qf8 Re4
60. Qf6 Rg4 61. Qf7+ Kh8 62. Kf2 f4 63. gxf4 Rxh4 1-0

[Event "Torneo Nazionale A"]
[Site "Fiuggi ITA"]
[Date "2000.10.22"]
[Round "6"]
[White "Spano' Cuomo, Gaetano"]
[Black "Deruda, Leonardo"]
[Result "1/2-1/2"]
[WhiteElo "2035"]
[BlackElo "1702"]
[PlyCount "68"]
[EventDate "2000.10.20"]

1. e4 c5 2. Nf3 Nc6 3. Bc4 d6 4. Nc3 g6 5. d3 Bg7 6. Be3 e6 7. Qd2 Nd4 8. Bxd4
cxd4 9. Ne2 Qb6 10. c3 dxc3 11. Nxc3 Bd7 12. O-O Ne7 13. d4 Rc8 14. Bb3 O-O 15.
Rac1 Nc6 16. Na4 Qd8 17. Rfd1 Qa5 18. Nc3 Qh5 19. Qe2 Na5 20. Ba4 Bxa4 21. Nxa4
Nc6 22. Nc3 Qa5 23. d5 exd5 24. Rxd5 Qb6 25. Qd2 Ne5 26. Rxd6 Nxf3+ 27. gxf3
Qa5 28. Rd5 Qb6 29. Rd1 Qf6 30. Kg2 Qh4 31. Qg5 Qxg5+ 32. Rxg5 Bxc3 33. bxc3
Rxc3 34. Rd7 Ra3 1/2-1/2